00602nam a2200193 4500003001100000005001700011008004100028020001600069040003900085041000800124082001300132100001700145245006600162260005100228650002000279942000700299952008700306999001500393LK-CoMWRAF20230905145107.0230905b1976 |||||||| |||| 00| 0 eng d a 0822952734 aLK-CoMWRAFdLK-CoMWRAFeLK-CoMWRAF aeng a823bBEL aBell, Thomas aOut of this furnace :b A Novel of immigrant labor in America aLondon :bUniversity of Pittsburg Press,c1976 aEnglish Fiction cBK 00104070aMAINbMAINd2023-09-05l0o823 BELpRAF839r2023-09-05w2023-09-05yBK c3410d3410